Sylvie ; La main enchatée / (Registro nro. 179844)

Detalles MARC
000 -LEADER
campo de control de longitud fija 00684nam a2200205 i 4500
001 - NÚMERO DE CONTROL
campo de control 179844
003 - IDENTIFICADOR DE NÚMERO DE CONTROL
campo de control ES-MaACL
005 - FECHA Y HORA DE LA ÚLTIMA TRANSACCIÓN
campo de control 20240523063053.0
008 - DATOS DE LONGITUD FIJA--INFORMACIÓN GENERAL
campo de control de longitud fija 120201q19001930fr |||| | fre d
080 ## - NÚMERO DE LA CLASIFICACIÓN DECIMAL UNIVERSAL
Número de la Clasificación Decimal Universal 821.133.1-32"18"
100 0# - ENTRADA PRINCIPAL--NOMBRE DE PERSONA
Nombre de persona Nerval, Gérard de,
Fechas asociadas al nombre 1808-1855
9 (RLIN) 85401
245 10 - MENCIÓN DEL TÍTULO
Título Sylvie ; La main enchatée /
Mención de responsabilidad, etc. Gérard de Nerval.
260 ## - PUBLICACIÓN, DISTRIBUCIÓN, ETC.
Lugar de publicación, distribución, etc. Paris :
Nombre del editor, distribuidor, etc. Librairie Nilsson,
Fecha de publicación, distribución, etc. [19-?]
300 ## - DESCRIPCIÓN FÍSICA
Extensión 124 p. ;
Dimensiones 17 cm.
490 1# - MENCIÓN DE SERIE
Mención de serie Les 100 chefs d'oeuvre qu'il faut lire
740 3# - ENTRADA AGREGADA--TÍTULO RELACIONADO/ANALÍTICO NO CONTROLADO
Título relacionado o analítico no controlado La main enchantée.
830 0# - PUNTO DE ACCESO ADICIONAL DE SERIE-TÍTULO UNIFORME
Título uniforme Les 100 chefs d'oeuvre qu'il faut lire
9 (RLIN) 224549
852 ## - LOCALIZACIÓN
Ubicación ES-MaACL
Número de control de estantería D-2201
Nota libre .- Legado M. de la Fuente
Existencias
Estatus retirado Estado de pérdida Estado de daño No para préstamo Colección Biblioteca de origen Biblioteca actual Ubicación en estantería Fecha de adquisición Fuente de adquisición Total de préstamos Signatura topográfica completa Código de barras Visto por última vez Precio de reemplazo Tipo de ítem Koha
        Libros del s. XIX Biblioteca del Ateneo de Madrid Biblioteca del Ateneo de Madrid Sala Valle Inclán 01/02/2012     D-2201 901188934 23/02/2023 23/02/2023 Libro impreso antiguo